Shakespeare: from Betterton to Irving.

Bibliographic Details
Main Author: Odell, George Clinton Densmore, 1866-1949
Format: Book
Language:English
Published: New York : B. Blom, [1963, 1920]
Subjects:

MARC

Tag First Indicator Second Indicator Subfields
LEADER 00000cam a2200000 4500
001 in00000022578
005 20151007064043.0
008 720210r19631920nyuach 00000 eng u
010 |a  63023277  
035 |a (OCoLC)00237961 
035 |9 AAD8933AM 
040 |c CDC  |d OCL  |d TXA  |d UtOrBLW 
049 |a TXAM  |v 1 [370623]  |v 2 [370624] 
050 0 |a PR3091  |b .O4 1963 
082 0 |a 792.0942 
092 |a 822.33  |b GO23, 1963 
100 1 |a Odell, George Clinton Densmore,  |d 1866-1949. 
245 1 0 |a Shakespeare: from Betterton to Irving. 
264 1 |a New York :  |b B. Blom,  |c [1963, 1920] 
300 |a 2 volumes :  |b illustrations, portraits, facsimiles ;  |c 24 cm. 
336 |a text  |b txt  |2 rdacontent 
337 |a unmediated  |b n  |2 rdamedia 
338 |a volume  |b nc  |2 rdacarrier 
600 1 0 |a Shakespeare, William,  |d 1564-1616  |x Stage history. 
650 0 |a Theater  |z England  |z London  |x History. 
999 |a MARS 
999 f f |s beef3361-8130-3726-8f32-f95c7880f8e6  |i 6f7278b2-e482-3b17-9014-bd04bfecddc6  |t 0 
952 f f |p normal  |a Texas A&M University  |b College Station  |c Sterling C. Evans Library  |d Evans: Library Stacks  |t 0  |e PR3091 .O4 1963  |h Library of Congress classification  |i unmediated -- volume  |k v.1  |m A14801308212 
952 f f |p normal  |a Texas A&M University  |b College Station  |c Sterling C. Evans Library  |d Evans: Library Stacks  |t 0  |e PR3091 .O4 1963  |h Library of Congress classification  |i unmediated -- volume  |k v.2  |m A14801308220 
998 f f |a PR3091 .O4 1963  |s v.1-v.2  |t 0  |l Evans: Library Stacks